Statistics for Mal's General Knowledge 9

Click here to take the quiz!

General Stats

  • This quiz has been taken 114 times
  • The average score is 9 of 20

Answer Stats

Hint Answer % Correct
Which city is furthest 'North', Buenos Aires, Adelaide or Cape TownCape Town
89%
What is the common name for NaClCommon Salt
88%
What is the drink 'Sake' distilled fromRice
77%
What follows Alpha-Beta-Gamma-DeltaEpsilon
77%
How old was Marilyn Monroe when she died36
76%
Who composed the 'Moonlight Sonata'Ludwig van Beethoven
74%
What Nationality is boxer Manny PacquiaoFilipino
69%
Who wrote 'A Farewell to Arms' in 1929Ernest Hemingway
65%
What endangered animal can be Black, White or IndianRhinoceros
48%
How many bones comprise the human skull22
48%
In which sport was 'Stanley Matthews' famousFootball/Soccer
44%
What is the capital of 'Montenegro' once named TitogradPodgorica
39%
Where would one find a 'Plimsol Line'Cargo ship
32%
'Cats' musical was based on a book by which American PoetThomas Stearns Eliot
25%
What is the name of the nearest 'Star' to our sunProxima Centauri
20%
How many stable (non-radioactive) elements are there81
19%
If 'Feline' is cat-like, what is 'Ranine'Frog-like
7%
What word in English contains all the vowels plus Y in alphabetical orderFacetiously
6%
Who was the first mountaineer to climb the 'Matterhorn'Edward Whymper
3%
What was the first 'Novel' written on a typewriterThe Adventures of Tom Sawyer
1%

Score Distribution

Percentile by Number Answered

Percent of People with Each Score

Your Score History

You have not taken this quiz